Bytový dom

Uložené v:
Podrobná bibliografia
Hlavný autor: Juchová, Svetlana (Autor)
Ďalší autori: Hulínová, Zdenka (Vedúci práce)
Médium: Rukopis Kniha
Jazyk:Slovak
Vydavateľské údaje: 2018
Predmet:
On-line prístup:http://is.stuba.sk/zp/portal_zp.pl?podrobnosti=120873
https://opac.crzp.sk/?fn=detailBiblioForm&sid=DF52132090966663197CE6F290DD
Tagy: Pridať tag
Žiadne tagy, Buďte prvý, kto otaguje tento záznam!

MARC

LEADER 00000ntm a22000003a 4500
001 stuzp65366
003 SK-STU
005 20230811161701.8
007 ta
008 150427s2015----xo-----f-mn---000-0-slo-d
040 |a STU  |b slo 
041 0 |a slo 
100 1 |a Juchová, Svetlana  |u 010270  |4 aut  |U SvF Stavebná fakulta  |T SvF Katedra technológie stavieb  |X 77353  |U V270  |Y 28  |7 77353 
242 0 1 |a Apartment block  |y eng 
245 1 0 |a Bytový dom 
260 |c 2018 
650 4 |a debnenie  |2 slo 
650 4 |a stropná doska  |2 slo 
650 4 |a nosník  |2 slo 
650 4 |a betón  |2 slo 
650 4 |a concrete  |2 eng 
650 4 |a casing  |2 eng 
650 4 |a flooring plate  |2 eng 
650 4 |a girder  |2 eng 
700 1 |a Hulínová, Zdenka  |u 010270  |k Z1  |4 ths  |U SvF Stavebná fakulta  |T SvF Katedra technológie stavieb  |X 853  |U V270  |Y 28  |7 A000000853 
856 4 |u http://is.stuba.sk/zp/portal_zp.pl?podrobnosti=120873 
856 4 |u https://opac.crzp.sk/?fn=detailBiblioForm&sid=DF52132090966663197CE6F290DD